Fast Typing to 5 - Statistics

General Stats
  • This quiz has been taken 432 times
  • The average score is 5 of 5
Answer Stats
# % Correct
1
100%
2
98%
3
98%
4
97%
5
96%
No matching quizzes found
Score Distribution
Percent of People with Each Score
Percentile by Number Answered
Your Score History
You have not taken this quiz